Solar flux atlas from 296 to 1300 nm (Record no. 9632)

MARC details
000 -LEADER
fixed length control field 00749nam a2200229Ia 4500
003 - CONTROL NUMBER IDENTIFIER
control field IN-BaIIA
008 - FIXED-LENGTH DATA ELEMENTS--GENERAL INFORMATION
fixed length control field 211028s9999 xx 000 0 eng d
040 ## - CATALOGING SOURCE
Transcribing agency IIA Library
080 ## - UNIVERSAL DECIMAL CLASSIFICATION NUMBER
Universal Decimal Classification number 084.4:523.983
Item number KUR
100 ## - MAIN ENTRY--PERSONAL NAME
Personal name Kurucz, R. L.
9 (RLIN) 10410
245 #0 - TITLE STATEMENT
Title Solar flux atlas from 296 to 1300 nm
Statement of responsibility, etc. R. L. Kurucz…[et al.]
260 ## - PUBLICATION, DISTRIBUTION, ETC.
Place of publication, distribution, etc. New Mexico
Name of publisher, distributor, etc. Harvard University Press
Date of publication, distribution, etc. 1984
300 ## - PHYSICAL DESCRIPTION
Extent 239p.
490 ## - SERIES STATEMENT
Series statement National solar observatory atlas; no. 1
650 ## - SUBJECT ADDED ENTRY--TOPICAL TERM
Topical term or geographic name entry element Astronomy and astrophysics thesaurus
650 ## - SUBJECT ADDED ENTRY--TOPICAL TERM
Topical term or geographic name entry element Atlas - solar flux
9 (RLIN) 13692
650 ## - SUBJECT ADDED ENTRY--TOPICAL TERM
Topical term or geographic name entry element Solar Flux Atlas
9 (RLIN) 13693
700 ## - ADDED ENTRY--PERSONAL NAME
Personal name Brault, J
9 (RLIN) 12770
700 ## - ADDED ENTRY--PERSONAL NAME
Personal name Furenlid, I
9 (RLIN) 16248
700 ## - ADDED ENTRY--PERSONAL NAME
Personal name Testerman, L
9 (RLIN) 12771
942 ## - ADDED ENTRY ELEMENTS (KOHA)
Koha item type Books
Holdings
Withdrawn status Lost status Damaged status Not for loan Home library Current library Shelving location Date acquired Total Checkouts Full call number Barcode Date last seen Price effective from Koha item type
        IIA Library-Bangalore IIA Library-Kavalur General Stacks     084.4:523.983/ KUR 10542 05/11/2021   Books

Powered by Koha